[Event "3. Oeffinger Schachopen 2012"]
[Site "Oeffingen"]
[Date "2012.05.26"]
[Round "1.1"]
[White "Schnepp, Gunnar"]
[Black "Wengert, Dieter"]
[Result "1-0"]
[WhiteElo "2244"]
[BlackElo "1717"]
[PlyCount "57"]
[EventDate "2012.??.??"]

1. d4 Nf6 2. c4 g6 3. Nc3 Bg7 4. e4 d6 5. Be2 O-O 6. Nf3 e5 7. O-O Nc6 8. d5
Ne7 9. Nd2 Ne8 10. b4 f5 11. f3 Bd7 12. c5 c6 13. Qb3 cxd5 14. exd5 Kh8 15. Nc4
Qc7 16. Be3 Ng8 17. cxd6 Qb8 18. a4 Rf7 19. f4 exf4 20. Bxf4 Ngf6 21. Rae1 Ne4
22. Nxe4 fxe4 23. Bg3 Rxf1+ 24. Rxf1 Bd4+ 25. Kh1 Ng7 26. Qd1 Bc3 27. Qc2 Bxb4
28. Qb2 Bc5 29. Rf7 1-0

[Event "3. Oeffinger Schachopen 2012"]
[Site "Oeffingen"]
[Date "2012.05.26"]
[Round "1.2"]
[White "Michna, Dr. Marcus"]
[Black "Gabriel, Josef"]
[Result "0-1"]
[WhiteElo "1712"]
[BlackElo "2123"]
[PlyCount "50"]
[EventDate "2012.??.??"]

1. d4 g6 2. c4 Bg7 3. Nc3 d6 4. e4 Nc6 5. Be3 e5 6. Nge2 f5 7. f3 Nh6 8. d5 Ne7
9. b4 O-O 10. Nc1 fxe4 11. Nxe4 Nhf5 12. Bf2 a5 13. b5 b6 14. Bd3 Bh6 15. Qe2
Nd4 16. Qb2 Nef5 17. O-O Bd7 18. a4 Qe7 19. Ne2 Qg7 20. N4g3 Ne3 21. Rfe1 Bf5
22. Bxf5 gxf5 23. Nxd4 exd4 24. Bxe3 Bxe3+ 25. Rxe3 dxe3 0-1

[Event "3. Oeffinger Schachopen 2012"]
[Site "Oeffingen"]
[Date "2012.05.26"]
[Round "1.3"]
[White "Vaysberg, Alexander"]
[Black "Klaus, Dominik"]
[Result "1-0"]
[WhiteElo "2121"]
[BlackElo "1668"]
[PlyCount "101"]
[EventDate "2012.??.??"]

1. e4 c5 2. c3 d5 3. exd5 Qxd5 4. d4 Nf6 5. dxc5 Qxd1+ 6. Kxd1 a5 7. Bb5+ Nc6
8. Nf3 Bd7 9. Na3 e6 10. Be3 Ng4 11. Nc4 Nxe3+ 12. fxe3 Bxc5 13. Ke2 Ke7 14.
Rhd1 Rhd8 15. a4 f6 16. h3 Be8 {(=)} 17. Nfd2 Bd6 18. Ne4 Bc7 19. Nc5 Rab8 20.
Rxd8 Bxd8 21. Rd1 Bc7 22. Kf2 Rd8 23. Rxd8 Nxd8 24. Nb3 Bxb5 25. axb5 b6 26.
Nd4 Nb7 27. Ke2 Nc5 28. b4 axb4 {(=)} 29. Nc6+ Kd7 30. Nxb4 g5 31. Na6 Ne4 32.
Kd3 Ng3 33. Nd2 Nf5 34. Ne4 Bd8 35. Nb8+ Ke8 36. g4 Ng7 37. Nc6 Be7 38. c4 f5
39. Nc3 Bd8 40. Na4 Bc7 41. c5 bxc5 42. b6 Bd6 43. b7 fxg4 44. hxg4 h5 45. gxh5
Nxh5 46. Nxc5 Ng3 47. Ne4 Bc7 48. Nxg3 Bxg3 49. b8=Q+ Bxb8 50. Nxb8 g4 51. Ke4
1-0

[Event "3. Oeffinger Schachopen 2012"]
[Site "Oeffingen"]
[Date "2012.05.26"]
[Round "1.4"]
[White "Hande, Alexander"]
[Black "Prestel, Oliver"]
[Result "0-1"]
[WhiteElo "1663"]
[BlackElo "2068"]
[PlyCount "90"]
[EventDate "2012.??.??"]

1. d4 d5 2. c4 c6 3. Nf3 Nf6 4. Nc3 e6 5. Bg5 dxc4 6. e4 b5 7. e5 h6 8. Bh4 g5
9. Nxg5 hxg5 10. Bxg5 Nbd7 11. a4 Bb4 12. axb5 cxb5 13. Qf3 Rb8 14. Bxf6 Nxf6
15. Qxf6 Qxf6 16. exf6 a5 17. h4 Bb7 18. f3 a4 19. Kf2 a3 20. Nxb5 axb2 21. Rb1
Bd5 22. Nc7+ Kd7 23. Nxd5 exd5 24. g4 Bc3 25. Kg3 Bxd4 26. Bxc4 dxc4 27. Rhd1
c3 28. Rxd4+ Ke6 29. Re4+ Kxf6 30. Re2 Rhc8 31. Rc2 Ra8 32. Rxc3 Rxc3 33. Rxb2
Raa3 34. g5+ Kg7 35. Rf2 Kg6 36. Kg4 Ra4+ 37. f4 f5+ 38. gxf6 Kxf6 39. Re2 Ra1
40. Rb2 Rg1+ 41. Kh5 Rc8 42. Rb6+ Kf5 43. Rh6 Rg7 44. Rg6 Rh8+ 45. Rh6 Rgh7 0-1

[Event "3. Oeffinger Schachopen 2012"]
[Site "Oeffingen"]
[Date "2012.05.26"]
[Round "1.5"]
[White "Gustain, Marc"]
[Black "Pfeilsticker, Thorsten"]
[Result "1-0"]
[WhiteElo "2063"]
[BlackElo "1656"]
[PlyCount "37"]
[EventDate "2012.??.??"]

1. e4 a6 2. d4 b5 3. Bd3 Bb7 4. Nf3 Nf6 5. Qe2 e6 6. Bg5 h6 7. Bd2 c5 8. dxc5
Bxc5 9. Nc3 d6 10. e5 Nfd7 11. exd6 Bxd6 12. Ne4 Bc7 13. O-O-O Nc6 14. Bc3 O-O
15. Ng3 Ne7 16. Nh5 Bxf3 17. gxf3 Nd5 18. Rhg1 g5 19. Qe4 1-0

[Event "3. Oeffinger Schachopen 2012"]
[Site "Oeffingen"]
[Date "2012.05.26"]
[Round "1.6"]
[White "Rudhart, Michael"]
[Black "Meschke, Andreas"]
[Result "0-1"]
[WhiteElo "1650"]
[BlackElo "2049"]
[PlyCount "76"]
[EventDate "2012.??.??"]

1. c4 e5 2. Nc3 Nf6 3. Nf3 Nc6 4. g3 Bb4 5. Nd5 Bc5 6. d3 h6 7. Bg2 O-O 8. O-O
Re8 9. Nxf6+ Qxf6 10. Nd2 Bb6 11. a3 d6 12. e3 Qg6 13. Nb1 Bf5 14. e4 Bg4 15.
Bf3 Bxf3 16. Qxf3 Nd4 17. Qd1 f5 18. exf5 Nxf5 19. Kh1 Rf8 20. Nc3 Rf7 21. Ne4
Raf8 22. b4 c6 23. c5 Bc7 24. cxd6 Nxd6 25. Qe2 Bb6 26. Nc5 e4 27. d4 Re8 28.
Bf4 Nb5 29. Be5 Nc3 30. Qc4 Nd5 31. Rae1 Bxc5 32. Qxc5 e3 33. f4 Qd3 34. Qc1 a5
35. Qb2 axb4 36. axb4 Ra8 37. Rb1 Nc3 38. Rbe1 Ra2 0-1

[Event "3. Oeffinger Schachopen 2012"]
[Site "Oeffingen"]
[Date "2012.05.26"]
[Round "1.7"]
[White "Heining, Thomas"]
[Black "Tölg, Wolfgang"]
[Result "1-0"]
[WhiteElo "2030"]
[BlackElo "1645"]
[PlyCount "39"]
[EventDate "2012.??.??"]

1. e4 e5 2. Nf3 Nc6 3. Bc4 Bc5 4. c3 d6 5. d4 exd4 6. cxd4 Bb6 7. d5 Ne5 8.
Nxe5 dxe5 9. Nc3 Nf6 10. Bg5 h6 11. Bh4 Bd7 12. O-O g5 13. Bg3 Bg4 14. Qa4+ Bd7
15. Qa3 Bd4 16. Ne2 Nh5 17. Nxd4 Nxg3 18. Qxg3 exd4 19. Qe5+ Qe7 20. Qxh8+ 1-0

[Event "3. Oeffinger Schachopen 2012"]
[Site "Oeffingen"]
[Date "2012.05.26"]
[Round "1.8"]
[White "Schwappach, Joachim"]
[Black "Rempeli, Alex"]
[Result "0-1"]
[WhiteElo "1623"]
[BlackElo "2003"]
[PlyCount "96"]
[EventDate "2012.??.??"]

1. c4 Nf6 2. Nc3 d5 3. cxd5 Nxd5 4. g3 g6 5. Bg2 Nb6 6. d4 Bg7 7. e3 O-O 8.
Nge2 Nc6 9. O-O a5 10. Na4 Nxa4 11. Qxa4 Bd7 12. Qc4 Rb8 13. Bd2 b5 14. Qc5 Rb6
15. Rac1 e6 16. a3 Re8 17. Qc2 b4 18. Qc4 bxa3 19. bxa3 Bf8 20. Rc3 Bd6 21. e4
e5 22. d5 Na7 23. Qa2 Qb8 24. Rc2 a4 25. Rfc1 Rb3 26. Bb4 Nb5 27. Rb2 Nxa3 28.
Rxb3 axb3 29. Qxb3 Qxb4 30. Qxb4 Bxb4 31. Rxc7 Bb5 32. Nc3 Bd3 33. Bf1 Bc2 34.
f3 Ba5 35. Rc6 Rb8 36. Kg2 Rb2 37. Kh3 Rb3 38. Nb5 Bd1 39. Nxa3 Rxa3 40. d6 Ba4
41. Ra6 Bd7+ 42. g4 Rxf3+ 43. Kg2 Ra3 44. h3 Ra2+ 45. Kf3 Ra3+ 46. Kg2 Bb4 47.
Rb6 Ra2+ 48. Kf3 Rf2+ 0-1

[Event "3. Oeffinger Schachopen 2012"]
[Site "Oeffingen"]
[Date "2012.05.26"]
[Round "1.9"]
[White "Osmanovic, Faruk"]
[Black "Büchele, Markus"]
[Result "1/2-1/2"]
[WhiteElo "1974"]
[BlackElo "1621"]
[PlyCount "78"]
[EventDate "2012.??.??"]

1. e4 d5 2. exd5 Qxd5 3. Nc3 Qa5 4. d4 c6 5. Bc4 Bf5 6. Nf3 Nf6 7. Ne5 e6 8.
Bd2 Bb4 9. a3 Bxc3 10. Bxc3 Qc7 11. g4 Be4 12. f3 Bd5 13. g5 Nfd7 14. Qe2 Nxe5
15. dxe5 Nd7 16. Bxd5 cxd5 17. O-O-O O-O-O 18. Rhe1 Kb8 19. Kb1 Rc8 20. Bb4 Qc4
21. b3 Qxe2 22. Rxe2 Nc5 23. Red2 Nd7 24. c4 Nb6 25. Bd6+ Ka8 26. c5 Nd7 27. b4
b6 28. Rc1 bxc5 29. bxc5 Kb7 30. Rb2+ Kc6 31. Rb4 h6 32. h4 hxg5 33. hxg5 Rh2
34. Rf4 Rg2 35. Rxf7 Rxg5 36. f4 Rg2 37. f5 exf5 38. e6 Nf6 39. Rc2 Rxc2 {(=)}
1/2-1/2

[Event "3. Oeffinger Schachopen 2012"]
[Site "Oeffingen"]
[Date "2012.05.26"]
[Round "1.10"]
[White "Vollmer, Marcel"]
[Black "Schaffert, Walter"]
[Result "0-1"]
[WhiteElo "1556"]
[BlackElo "1939"]
[PlyCount "38"]
[EventDate "2012.??.??"]

1. e4 d5 2. exd5 Nf6 3. c4 c6 4. dxc6 Nxc6 5. Nf3 e5 6. d3 Bf5 7. Be2 Qd7 8.
Bg5 O-O-O 9. Bxf6 gxf6 10. a3 Rg8 11. g3 Bxd3 12. Qxd3 Qxd3 13. Bxd3 Rxd3 14.
Ke2 e4 15. Nbd2 f5 16. Rad1 Bh6 17. Nh4 Rgd8 18. f4 Nd4+ 19. Ke1 Nb3 0-1

[Event "3. Oeffinger Schachopen 2012"]
[Site "Oeffingen"]
[Date "2012.05.26"]
[Round "1.11"]
[White "Engbrecht, Helmut"]
[Black "Drapkin, Marc"]
[Result "1-0"]
[WhiteElo "1899"]
[BlackElo "1526"]
[PlyCount "98"]
[EventDate "2012.??.??"]

1. e4 e6 2. Nc3 h6 3. d4 d5 4. Nf3 c5 5. exd5 exd5 6. dxc5 Be6 7. Bb5+ Nc6 8.
Ne5 Rc8 9. Be3 Nf6 10. O-O Be7 11. f4 a6 12. Nxc6 bxc6 13. Bxa6 Rb8 14. f5 Bd7
15. Qd4 O-O 16. b4 Ra8 17. Be2 Nh7 18. Qd2 Ra3 19. Nb1 Ra8 20. a4 Re8 21. Nc3
Qc8 22. Bg4 Nf6 23. Bh3 Qb8 24. Rab1 Qc8 25. g4 Bd8 26. Bf4 Ne4 27. Nxe4 Rxe4
28. Bg2 Rc4 29. a5 Bf6 30. Rf3 Qb7 31. Rbb3 Re8 32. Bf1 Rd4 33. Bd3 g5 34. fxg6
Bxg4 35. Rg3 Bh5 36. gxf7+ Kxf7 37. Qf2 Qe7 38. Bxh6 Rg4 39. Bf1 Kg6 40. Rxg4+
Bxg4 41. Rg3 Kxh6 42. Rxg4 Qe3 43. Qxe3+ Rxe3 44. Kf2 Ra3 45. Bd3 Be5 46. Rg6+
Kh5 47. Rxc6 Bxh2 48. Rb6 Kg5 49. a6 Kf4 1-0

[Event "3. Oeffinger Schachopen 2012"]
[Site "Oeffingen"]
[Date "2012.05.26"]
[Round "1.12"]
[White "Fröhlich, Bodo"]
[Black "Kaplunov, Dr. Vadym"]
[Result "0-1"]
[WhiteElo "1518"]
[BlackElo "1888"]
[PlyCount "67"]
[EventDate "2012.??.??"]

1. c4 Nf6 2. d4 c6 3. Nf3 d5 4. Nc3 g6 5. e3 Bg7 6. cxd5 cxd5 7. Bb5+ Bd7 8.
Qb3 Bxb5 9. Qxb5+ Qd7 10. O-O a6 11. Qd3 e6 12. b3 O-O 13. Ba3 Rc8 14. Rac1 Qe8
15. Na4 Nbd7 16. Ne5 Nxe5 17. dxe5 Nd7 18. f4 Rxc1 19. Rxc1 Rc8 20. Qd1 Qd8 21.
Nc5 Nxc5 22. Bxc5 h5 23. Rc2 Qc7 24. Rc1 Qa5 25. b4 Qxa2 26. Rc2 Qa4 27. Qb1
Qb5 28. Rd2 b6 29. Bd6 Kh7 30. e4 dxe4 31. Qxe4 Rc1+ 32. Kf2 Qf1+ 33. Kg3 Rc3+
34. Rd3 0-1

[Event "3. Oeffinger Schachopen 2012"]
[Site "Oeffingen"]
[Date "2012.05.26"]
[Round "2.1"]
[White "Kaplunov, Dr. Vadym"]
[Black "Schnepp, Gunnar"]
[Result "0-1"]
[WhiteElo "1888"]
[BlackElo "2244"]
[PlyCount "124"]
[EventDate "2012.??.??"]

1. d4 Nf6 2. c4 g6 3. Nf3 c5 4. d5 Ne4 5. Qc2 Qa5+ 6. Nfd2 f5 7. f3 Nd6 8. Kf2
Bg7 9. Nb3 Qd8 10. e3 Na6 11. a3 e5 12. Nc3 b6 13. g3 O-O 14. Kg2 Nc7 15. Be2
Ba6 16. Nd2 f4 17. e4 Nf7 18. b3 d6 19. Nf1 Qf6 20. Qd3 Bc8 21. Bd2 h5 22. h4
Bd7 23. Rb1 Be8 24. Be1 g5 25. hxg5 Qxg5 26. Bd2 Nh8 27. b4 cxb4 28. axb4 Bd7
29. Nd1 Qg6 30. Be1 Qf7 31. Bf2 Ng6 32. Rxh5 fxg3 33. Bxg3 Nf4+ 34. Bxf4 Qxh5
35. Bg3 Bh3+ 36. Kf2 Bh6 37. Nde3 Bf4 38. Ke1 Bxf1 39. Bxf4 Bxe2 40. Kxe2 Rxf4
41. Rg1+ Kh8 42. Ng4 Raf8 43. Qd1 Rxf3 44. Rh1 Rh3 45. Rg1 Rh2+ 46. Kd3 Qh3+
47. Ne3 Rf3 48. Re1 Ra2 49. Qc1 Na6 50. Kc3 Rff2 51. Rh1 Rh2 52. Rxh2 Qxh2 53.
Kb3 Re2 54. Ka4 Qh6 55. Kb5 Nb8 56. c5 bxc5 57. bxc5 Rxe3 58. Qf1 dxc5 59. d6
Rb3+ 60. Kxc5 Nd7+ 61. Kc6 Rb6+ 62. Kc7 Qxd6+ 0-1

[Event "3. Oeffinger Schachopen 2012"]
[Site "Oeffingen"]
[Date "2012.05.26"]
[Round "2.2"]
[White "Gabriel, Josef"]
[Black "Fahnenschmidt, Dr. Gerhardt"]
[Result "1-0"]
[WhiteElo "2123"]
[BlackElo "1865"]
[PlyCount "61"]
[EventDate "2012.??.??"]

1. e4 c5 2. Nf3 d6 3. d3 Nc6 4. g3 g6 5. c3 Bg7 6. Bg2 e5 7. O-O h5 8. h4 Bg4
9. Nbd2 Nf6 10. Nc4 O-O 11. Ne3 d5 12. exd5 Nxd5 13. Nxg4 hxg4 14. Nh2 f5 15.
Qb3 Nce7 16. Bg5 Bf6 17. Qxb7 Rb8 18. Qxa7 Qd6 19. Qa3 Bxg5 20. hxg5 Rf7 21.
Rfe1 f4 22. Nxg4 fxg3 23. fxg3 Rh7 24. Rxe5 Nb4 25. Qb3+ Kh8 26. Qe6 Qxd3 27.
Qf6+ Kg8 28. Nh6+ Rxh6 29. gxh6 Nf5 30. Qxg6+ Kh8 31. Re7 1-0

[Event "3. Oeffinger Schachopen 2012"]
[Site "Oeffingen"]
[Date "2012.05.26"]
[Round "2.3"]
[White "Vrabac, Branko"]
[Black "Vaysberg, Alexander"]
[Result "1/2-1/2"]
[WhiteElo "1850"]
[BlackElo "2121"]
[PlyCount "61"]
[EventDate "2012.??.??"]

1. d4 d5 2. Nf3 Nf6 3. Bf4 c6 4. c3 Bf5 5. e3 Qb6 6. Qb3 e6 7. Nbd2 Nbd7 8. Nh4
Ne4 9. Nxf5 exf5 10. f3 Nxd2 11. Kxd2 Be7 12. Bd3 g6 13. h4 h5 14. e4 fxe4 15.
fxe4 Qxb3 16. axb3 dxe4 17. Bxe4 Nf6 18. Bd3 O-O 19. Bg5 Rfe8 20. Rae1 Nd5 21.
Bxe7 Rxe7 22. Rxe7 Nxe7 23. Rf1 Rd8 24. Re1 Kf8 25. Ke3 Nd5+ 26. Kd2 Ne7 27.
Rf1 Kg7 28. Re1 Kf8 29. Rf1 Rd6 30. g3 Rd5 31. Ke3 1/2-1/2

[Event "3. Oeffinger Schachopen 2012"]
[Site "Oeffingen"]
[Date "2012.05.26"]
[Round "2.4"]
[White "Prestel, Oliver"]
[Black "Süss, Stefan"]
[Result "1-0"]
[WhiteElo "2068"]
[BlackElo "1849"]
[PlyCount "46"]
[EventDate "2012.??.??"]

1. c4 Nf6 2. Nc3 c5 3. g3 Nc6 4. Bg2 g6 5. Nf3 Bg7 6. O-O O-O 7. d4 cxd4 8.
Nxd4 a6 9. c5 e6 10. Nb3 Qe7 11. e4 Rd8 12. Bf4 Ne8 13. Qe2 d6 14. cxd6 Nxd6
15. Rfd1 Ne5 16. Rd4 Nf3+ 17. Qxf3 Bxd4 18. Nxd4 Ne8 19. Nc2 b5 20. e5 Ra7 21.
Qe3 Rad7 22. Bg5 f6 23. exf6 Nxf6 1-0

[Event "3. Oeffinger Schachopen 2012"]
[Site "Oeffingen"]
[Date "2012.05.26"]
[Round "2.5"]
[White "Koch, Martin"]
[Black "Gustain, Marc"]
[Result "1/2-1/2"]
[WhiteElo "1831"]
[BlackElo "2063"]
[PlyCount "77"]
[EventDate "2012.??.??"]

1. d4 d5 2. Nf3 Nc6 3. Bf4 Bg4 4. e3 e6 5. Be2 Nf6 6. O-O Bd6 7. Bxd6 cxd6 8.
c4 O-O 9. Nc3 dxc4 10. Bxc4 d5 11. Be2 Rc8 12. h3 Bh5 13. Rc1 Ne8 14. Ne5 Bxe2
15. Qxe2 Nd6 16. Nd3 Qe7 17. b3 b6 18. Rc2 Qb7 19. Rfc1 Ne7 20. Qd2 f6 21. Nf4
Qd7 22. Qe2 Kh8 23. Qd3 g5 24. Nfe2 h5 25. e4 Nxe4 26. Nxe4 dxe4 27. Qxe4 Rxc2
28. Rxc2 Qd5 29. Nc3 Qxe4 30. Nxe4 Nd5 31. Rc6 Re8 32. Nd6 Re7 33. Nc8 Rd7 34.
Rxe6 Kg7 35. Rd6 Rxd6 36. Nxd6 Nc3 37. Nc8 Nxa2 38. Nxa7 Nc1 39. Nc8 1/2-1/2

[Event "3. Oeffinger Schachopen 2012"]
[Site "Oeffingen"]
[Date "2012.05.26"]
[Round "2.6"]
[White "Meschke, Andreas"]
[Black "Kolb, Roland"]
[Result "1-0"]
[WhiteElo "2049"]
[BlackElo "1828"]
[PlyCount "57"]
[EventDate "2012.??.??"]

1. e4 d5 2. exd5 Qxd5 3. Nc3 Qd6 4. Bc4 Nf6 5. d3 e5 6. Nge2 Be7 7. O-O O-O 8.
Ng3 a6 9. Bg5 Nc6 10. Re1 Bg4 11. f3 Bd7 12. Bxf6 Bxf6 13. Nd5 Bh4 14. Ne4 Qg6
15. Re2 Nd4 16. Rd2 Kh8 {(=)} 17. Kh1 f5 18. Nc5 Bc6 19. c3 b5 20. cxd4 bxc4
21. Nxc7 Ra7 22. N7e6 Re8 23. dxc4 exd4 24. Qb3 Qh6 25. Re2 Bg3 26. h3 Rae7 27.
Qd3 Rxe6 28. Nxe6 Rxe6 29. Qxf5 {ZÜ} 1-0

[Event "3. Oeffinger Schachopen 2012"]
[Site "Oeffingen"]
[Date "2012.05.26"]
[Round "2.7"]
[White "Alber, Wilhelm"]
[Black "Heining, Thomas"]
[Result "0-1"]
[WhiteElo "1799"]
[BlackElo "2030"]
[PlyCount "48"]
[EventDate "2012.??.??"]

1. Nf3 Nf6 2. c4 g6 3. b3 Bg7 4. Bb2 O-O 5. g3 d6 6. Bg2 e5 7. d3 Nc6 8. O-O h6
9. e3 Be6 10. Nc3 Qd7 11. a3 Bh3 12. Qc2 Bxg2 13. Kxg2 Nh5 14. Rae1 f5 15. Bc1
Rae8 16. b4 g5 17. Bd2 Qf7 18. Nd5 Nd8 19. b5 c6 20. bxc6 bxc6 21. Nc3 Ne6 22.
Rb1 e4 23. dxe4 fxe4 24. Qxe4 Nef4+ 0-1

[Event "3. Oeffinger Schachopen 2012"]
[Site "Oeffingen"]
[Date "2012.05.26"]
[Round "2.8"]
[White "Rempeli, Alexander"]
[Black "Böhmler, Thomas"]
[Result "1-0"]
[WhiteElo "2003"]
[BlackElo "1769"]
[PlyCount "51"]
[EventDate "2012.??.??"]

1. d4 d5 2. c4 Nc6 3. cxd5 Qxd5 4. e3 e5 5. Nc3 Bb4 6. Bd2 Bxc3 7. bxc3 Qd6 8.
Bd3 Nf6 9. f3 O-O 10. Ne2 Re8 11. O-O e4 12. fxe4 Nxe4 13. Be1 Qh6 14. Rf4 Nf6
15. e4 g5 16. Rxf6 Qxf6 17. Ng3 Rd8 18. e5 Qh6 19. Ne4 g4 20. Bd2 Qg7 21. Bg5
Rf8 22. Nf6+ Kh8 23. Nxh7 Qxh7 24. Bf6+ Qg7 25. Qd2 Rg8 26. Qh6# 1-0

[Event "3. Oeffinger Schachopen 2012"]
[Site "Oeffingen"]
[Date "2012.05.27"]
[Round "3.2"]
[White "Heining, Thomas"]
[Black "Gabriel, Josef"]
[Result "1-0"]
[WhiteElo "2030"]
[BlackElo "2123"]
[PlyCount "67"]
[EventDate "2012.??.??"]

1. e4 g6 2. d4 Bg7 3. Nc3 d6 4. Be3 a6 5. Qd2 b5 6. f3 c6 7. g4 Nd7 8. h4 h5 9.
g5 Qa5 10. f4 Nb6 11. Bd3 Nc4 12. Bxc4 bxc4 13. Nge2 Bg4 14. O-O e6 15. d5 cxd5
16. exd5 Ne7 17. dxe6 fxe6 18. Bd4 e5 19. fxe5 dxe5 20. Be3 Rd8 21. Qe1 Nf5 22.
Qf2 Rc8 23. Bb6 Qb4 24. Nd5 Qxb2 25. Ng3 Qa3 26. Ne4 O-O 27. Nef6+ Kh8 28. Rfe1
Nd4 29. Bxd4 exd4 30. Ne7 Bf5 31. Qxf5 Qg3+ 32. Kh1 Qxh4+ 33. Kg2 Bxf6 34.
Nxg6+ 1-0

[Event "3. Oeffinger Schachopen 2012"]
[Site "Oeffingen"]
[Date "2012.05.27"]
[Round "3.3"]
[White "Rempeli, Alexander"]
[Black "Prestel, Oliver"]
[Result "1-0"]
[WhiteElo "2003"]
[BlackElo "2068"]
[PlyCount "79"]
[EventDate "2012.??.??"]

1. d4 d5 2. c4 dxc4 3. Nf3 Nf6 4. e3 e6 5. Bxc4 c5 6. O-O a6 7. Bd3 Nc6 8. dxc5
Bxc5 9. a3 e5 10. Qc2 Qe7 11. Nbd2 Bg4 12. b4 Bd6 13. Bb2 O-O 14. Ng5 Rfd8 15.
Bxh7+ Kf8 16. Bf5 Bxb4 17. Nc4 Bd6 18. Nxd6 Rxd6 19. Nh7+ Nxh7 20. Bxg4 Rh6 21.
Rad1 Nf6 22. Bf3 Re8 23. Bxc6 bxc6 24. h3 Nd5 25. Qf5 Rg6 26. a4 Kg8 27. Rc1
Rg5 28. Qe4 Qb7 29. Ba1 a5 30. Rfd1 Nb4 31. Rc5 Qa6 32. Rd2 Qc8 33. Kh2 Qc7 34.
Bc3 f5 35. Qc4+ Kh7 36. Bxb4 axb4 37. Rxc6 Qe7 38. Rc7 Qf8 39. Qh4+ Kg6 40.
Rc6+ 1-0

[Event "3. Oeffinger Schachopen 2012"]
[Site "Oeffingen"]
[Date "2012.05.27"]
[Round "3.4"]
[White "Vaysberg, Alexander"]
[Black "Schaffert, Walter"]
[Result "1-0"]
[WhiteElo "2121"]
[BlackElo "1939"]
[PlyCount "87"]
[EventDate "2012.??.??"]

1. c4 Nf6 2. Nf3 g6 3. Nc3 Bg7 4. g3 O-O 5. Bg2 d6 6. O-O Nc6 7. Rb1 Na5 8. d3
c5 9. b4 cxb4 10. Rxb4 Rb8 11. Be3 Nc6 12. Rb3 Bd7 13. Qb1 Qc8 14. Nb5 b6 15.
Nfd4 Na5 16. Nxa7 Qa6 17. Nac6 Nxb3 18. Nxb8 Rxb8 19. Qxb3 Ng4 20. Nc2 Ba4 21.
Qa3 Qa5 22. Rb1 Bc3 23. Nb4 Nxe3 24. Qxc3 Nxg2 25. Kxg2 Bc6+ 26. f3 Ba8 27. Rb3
f6 28. Ra3 Qe5 29. Qxe5 fxe5 30. Ra7 Kf7 31. Na6 Rf8 32. Kf2 Rc8 33. Ke3 Kf6
34. Rc7 Rd8 35. Nb4 h6 36. Kd2 g5 37. Kc3 h5 38. Nc6 Re8 39. Kb4 Ke6 40. Na7 g4
41. fxg4 hxg4 42. Rc8 Kd7 43. Rxe8 Kxe8 44. Nc8 1-0

[Event "3. Oeffinger Schachopen 2012"]
[Site "Oeffingen"]
[Date "2012.05.27"]
[Round "3.5"]
[White "Gustain, Marc"]
[Black "Strauss, Martin"]
[Result "1-0"]
[WhiteElo "2063"]
[BlackElo "1739"]
[PlyCount "98"]
[EventDate "2012.??.??"]

1. e4 e5 2. Bc4 Nf6 3. d4 exd4 4. Nf3 Nc6 5. O-O d6 6. Nxd4 Nxd4 7. Qxd4 Be7 8.
Nc3 O-O 9. h3 c6 10. a4 h6 11. a5 Be6 12. Bf4 Bxc4 13. Qxc4 d5 14. exd5 cxd5
15. Qb5 Bd6 16. Bxd6 Qxd6 {(=)} 17. Rfd1 Qc6 18. Qd3 Rfd8 19. Ne2 Ne4 20. Nd4
Qf6 21. Qf3 Qxf3 22. Nxf3 Rac8 23. Ra4 Nf6 24. Nd4 Rc4 25. Ra3 Re8 26. Kf1 Rc7
27. Rb3 Ne4 28. c3 Nc5 29. Rb5 a6 {(=)} 30. Rb6 Na4 31. Rb4 Nc5 32. Nf5 Re5 33.
Ne3 Kf8 34. Rxd5 Rxd5 35. Nxd5 Rd7 36. c4 Nd3 37. Rb6 Nc5 38. Ke2 Na4 39. Rb3
Nc5 40. Re3 Ne6 41. b4 Nd4+ 42. Kd3 Nf5 43. Re2 f6 44. g4 Nh4 45. f4 Ng6 46.
Re4 Rd8 47. Kd4 Rd6 48. b5 Rd8 49. bxa6 bxa6 1-0

[Event "3. Oeffinger Schachopen 2012"]
[Site "Oeffingen"]
[Date "2012.05.27"]
[Round "3.6"]
[White "Osmanovic, Faruk"]
[Black "Koch, Martin"]
[Result "1/2-1/2"]
[WhiteElo "1974"]
[BlackElo "1831"]
[PlyCount "119"]
[EventDate "2012.??.??"]

1. e4 d5 2. exd5 Qxd5 3. Nc3 Qa5 4. d4 Bf5 5. Bc4 Nf6 6. Bd2 c6 7. Nf3 e6 8.
Qe2 Qc7 9. O-O-O Nbd7 10. Nh4 Bg6 11. Nxg6 hxg6 12. g3 O-O-O 13. Kb1 Bd6 14.
Bg5 Nb6 15. Bb3 Rd7 16. Ne4 Nxe4 17. Qxe4 Be7 18. Bf4 Bd6 19. Be3 Nd5 20. Bd2
Qd8 21. c4 Nf6 22. Qe2 Kb8 23. Bc3 Bc7 24. f3 Ka8 25. Rhe1 Ba5 26. Rd2 Bxc3 27.
bxc3 Qa5 28. Kb2 Rhd8 29. Red1 Qg5 30. Rd3 Kb8 31. R1d2 Kc8 32. Qd1 Qf5 33. Bc2
Qa5 34. Re2 c5 35. Re5 Qb6+ 36. Ka1 cxd4 37. Ba4 Rc7 38. Bb3 Rc5 39. Rxc5+ Qxc5
40. cxd4 Qh5 41. Qe2 Qa5 42. Qd2 Qxd2 43. Rxd2 b6 44. Kb2 e5 45. Kc3 exd4+ 46.
Rxd4 Nd7 47. Rh4 Nc5 48. Bc2 Re8 49. Be4 Kd7 50. Kd4 Kd6 51. Bd5 Ne6+ 52. Bxe6
Rxe6 53. Rh8 Re2 54. a4 Ra2 55. Rd8+ Ke7 56. Rc8 Rxa4 57. Rc7+ Kf6 58. Rc6+ Ke7
{(=)} 59. Rc7+ Ke6 60. Ke3 {(=)} 1/2-1/2

[Event "3. Oeffinger Schachopen 2012"]
[Site "Oeffingen"]
[Date "2012.05.27"]
[Round "3.7"]
[White "Büchele, Markus"]
[Black "Vrabac, Branko"]
[Result "1/2-1/2"]
[WhiteElo "1621"]
[BlackElo "1850"]
[PlyCount "57"]
[EventDate "2012.??.??"]

1. d4 Nf6 2. Nf3 d5 3. e3 e6 4. Bd3 Bd6 5. Nbd2 Nbd7 6. b3 e5 7. e4 exd4 8.
exd5 Nxd5 9. Qe2+ Qe7 10. Qxe7+ Bxe7 11. Ne4 c5 12. O-O f5 13. Neg5 O-O 14. Re1
N7b6 15. Ba3 Bd6 16. Nxd4 h6 17. Nge6 Rf6 18. Bxc5 Bxe6 19. Bxd6 Bd7 20. Be5
Rf7 21. a3 Re8 22. Kf1 g6 {(=)} 23. Bd6 Nc8 24. Rxe8+ Bxe8 25. Be5 Rd7 26. f4
Nxf4 27. Bxf4 Rxd4 28. Bxh6 Rh4 29. Bc4+ {(=)} 1/2-1/2

[Event "3. Oeffinger Schachopen 2012"]
[Site "Oeffingen"]
[Date "2012.05.27"]
[Round "3.8"]
[White "Engbrecht, Helmut"]
[Black "Kaplunov, Dr. Vadym"]
[Result "1-0"]
[WhiteElo "1899"]
[BlackElo "1888"]
[PlyCount "71"]
[EventDate "2012.??.??"]

1. f4 d5 2. Nf3 g6 3. e3 Bg7 4. Nc3 Nf6 5. Be2 a6 6. Ne5 e6 7. d4 Nbd7 8. Bf3
c5 9. a4 Rb8 10. a5 Nxe5 11. dxe5 Nd7 12. e4 d4 13. Ne2 b5 14. c3 dxc3 15. bxc3
Qc7 16. Be3 Bb7 17. Qc2 Rd8 18. Kf2 O-O 19. g4 Rfe8 20. g5 c4 21. Bd4 Bf8 22.
h4 Bc5 23. h5 Bxd4+ 24. cxd4 Nf8 25. Rh3 Rd7 26. f5 exf5 27. exf5 Bxf3 28. Rxf3
b4 29. Rh3 Rb8 30. Rah1 b3 31. Qb1 Rb7 32. e6 fxe6 33. fxg6 Qxa5 34. gxh7+ Kh8
35. g6 Qf5+ 36. Rf3 1-0

[Event "3. Oeffinger Schachopen 2012"]
[Site "Oeffingen"]
[Date "2012.05.27"]
[Round "4.1"]
[White "Heining, Thomas"]
[Black "Schnepp, Gunnar"]
[Result "1/2-1/2"]
[WhiteElo "2030"]
[BlackElo "2244"]
[PlyCount "57"]
[EventDate "2012.??.??"]

1. e4 d5 2. exd5 Qxd5 3. Nc3 Qd6 4. Bc4 Nc6 5. d3 Nf6 6. Nge2 a6 7. Ng3 Na5 8.
Bb3 Nxb3 9. axb3 Qe6+ 10. Nge4 Nxe4 11. dxe4 Bd7 12. O-O O-O-O 13. Qe2 Qg4 {(=)
} 14. Rxa6 Kb8 15. f3 Qh5 16. Ra2 e6 17. Be3 Bd6 18. g3 Bc6 19. Qc4 Qg6 20. Ne2
e5 21. Rfa1 Kc8 22. b4 Qe6 23. Qd3 b5 24. Qc3 Qc4 25. Qxc4 bxc4 26. c3 f5 27.
exf5 Bxf3 28. Kf2 Be4 29. g4 {(=)} 1/2-1/2

[Event "3. Oeffinger Schachopen 2012"]
[Site "Oeffingen"]
[Date "2012.05.27"]
[Round "4.2"]
[White "Gustain, Marc"]
[Black "Rempeli, Alex"]
[Result "1/2-1/2"]
[WhiteElo "2063"]
[BlackElo "2003"]
[PlyCount "33"]
[EventDate "2012.??.??"]

1. Nf3 Nf6 2. g3 g6 3. Bg2 Bg7 4. O-O d6 5. d3 O-O 6. e4 e5 7. h3 h6 8. Be3 Be6
9. Qd2 Kh7 10. Nc3 Qd7 11. Kh2 Nc6 12. Ng1 Ng8 13. f4 exf4 14. Bxf4 f5 15. Rae1
Rae8 16. Nf3 Nf6 17. e5 1/2-1/2